[Event "Linares 16th"]
[Site "Linares"]
[Date "1999.03.06"]
[Round "11"]
[White "Topalov, Veselin"]
[Black "Anand, Viswanathan"]
[Result "0-1"]
[WhiteElo "2700"]
[BlackElo "2781"]
[Annotator "Anand,V"]
[PlyCount "86"]
[EventDate "1999.02.21"]
[EventType "tourn"]
[EventRounds "14"]
[EventCountry "ESP"]
[EventCategory "20"]
[SourceTitle "CBM 070"]
[Source "ChessBase"]
[SourceDate "1999.06.08"]
[SourceVersion "1"]
[SourceVersionDate "1999.06.08"]
[SourceQuality "1"]

{[%mdl 1] The previous day, I had lost a drawn ending against Kasparov in an
incredibly embarrassing way, but on the bright side, it was impossible to
imagine doing anything worse than that.} 1. e4 {Lukacs} c6 2. d4 d5 3. e5 Bf5
4. Nc3 {4.Nf3 has been the main line for some time now, but Black has been
doing OK there. Inevitably, White players were going to return to 4.Nc3. 
Shirov played 4.Nc3 to great effect in his match against Hracek, though
funnily enough, he combined it with 4.Nf3 instead of with the usual g4.} e6 {
Hracek preferred 4...Qb6, but Shirov showed that 4.Nf3 was quite effective
against this.} 5. g4 {Obviously, 4.Nf3 would be off the mark here.} Bg6 6. Nge2
Ne7 {The old move 6...c5 has been superseded recently by this move.} 7. Nf4 (7.
h4 $6 {Lukacs} h5 8. Nf4 hxg4 {see Sveshnikov-Dreev, Alushta 1994 CBM 42}) 7...
c5 {Lukacs: 'This is a really sharp line in the 3.e5 system. Black has to
react immediately in the [+] against White's agression on the >>.'} (7... h5 $2
{Lukacs: was beautifully crushed in the following game:} 8. Nxg6 Nxg6 9. gxh5
Nh4 10. Qg4 Nf5 11. Bd3 Nh6 12. Bxh6 Rxh6 13. f4 Qb6 14. O-O-O Qxd4 15. Bg6 $1
Qe3+ 16. Kb1 {/\ Qxe6} Ke7 17. Rhe1 Qb6 18. f5 $1 {White has an irresistable
-> against the K in the middle.} fxg6 19. hxg6 Na6 20. fxe6 {lines has to be
opened against the K.} Ke8 21. Qf5 Qc7 22. Rxd5 $3 {pretty, isn't it?} cxd5 23.
Nxd5 $18 {Czebe-Nguyen Thi, Budapest 1998}) (7... Nd7 {Lukacs: allows White to
push his opponent to the wall on the >>.} 8. h4 h6 9. Nxg6 Nxg6 10. h5 Ne7 11.
Ne2 {in order to answer} c5 {by} 12. c3 {holding the [+].} Nc6 13. f4 Qb6 14.
a3 Na5 15. b4 cxb4 16. axb4 Nc4 17. Qa4 Be7 18. f5 Bg5 19. Nf4 $16 {
Kotronias-Papaioannou, GRE-ch Athens 1996}) 8. h4 cxd4 {'!' Lukacs. Lukacs:
'Black is playing in the [+] balancing White's >> threats.'} 9. Nb5 Nec6 10. h5
{Lukacs: 'White has to continue his strategy.'} (10. Nxd4 $6 {Lukacs leads
nowhere after} Nxd4 11. Qxd4 Nc6 12. Qa4 a6 13. Nxg6 hxg6 14. Bg5 Be7 15. Bxe7
Qxe7 $15 {Neukirch-Fette, BL 1998}) 10... Be4 11. f3 {All this is well known
theory. Black used to play 11...Bxf3 and get a whole mass of pawns for the
piece. However, White got a strong attack with g5 and h6 and we wondered if
Black could get these moves in himself.} a6 $1 {Lukacs: 'If your strong piece
is attacked, try to attack your opponent's threatening piece!'} (11... Bxf3 {
Lukacs} 12. Qxf3 Nxe5 {gets a lot of pawns for the piece, but White's attack
can be continued.} 13. Qg3 Nbc6 14. Nd3 f6 (14... Nxd3+ 15. Bxd3 e5 16. O-O Bc5
17. h6 (17. Rf5 $5 {comes into consideration.}) 17... g6 18. Qf2 Qd7 19. Kh1 a6
20. Nc3 Rf8 21. Na4 Ba7 $13 {Lautier-Karpov, Amber rapid 1997}) 15. Nf4 Kf7 16.
g5 $1 {This is the strong improvement on} (16. c3 dxc3 17. bxc3 d4 {see
Fedorov-Asrian, RUS Cup Chigorin mem 1998 CBM 62} (17... Rc8 $6 {allows
White's dangerous -> after} 18. Bh3 Qa5 19. g5 $1 Nd8 20. Nxe6 $1 Nxe6 21.
Bxe6+ Kxe6 22. Qh3+ f5 23. Nd4+ $16 {Sutovsky-Podgaets, Cafe op Koszalin 1998})
) 16... Qd7 17. Bh3 Re8 18. g6+ Kg8 19. c3 dxc3 20. Nxc3 Bb4 21. Bd2 d4 22.
O-O-O $1 $16 {R.Leyva-Llaudy, Holguin 1998}) 12. Nd6+ (12. Nxd4 $2 {Lukacs: 
loses to} Nxd4 13. fxe4 dxe4 $19) (12. fxe4 $2 {Lukacs: is also dubious
because of} axb5 13. exd5 exd5 14. Bg2 ({both} 14. e6 $2 Bb4+ {/\ 0-0}) ({and} 
14. Kf2 $2 {are inferior:} Be7 15. Bxb5 O-O 16. Qe2 Nd7 17. h6 (17. Nxd5 Ndxe5)
17... g6 18. Nxd5 Bh4+ 19. Kg2 Ndxe5 20. Nf4 Bg5 21. Bd2 Qd6 $19 {Ady-Ashley,
Manhattan 1999}) 14... Bb4+ 15. Kf2 (15. Bd2 Bxd2+ 16. Qxd2 O-O) 15... O-O {
and the white K is all but safe.}) 12... Bxd6 13. exd6 g5 $1 {This allows
Black to set up a strong pawn front on the kingside and also misplaces the
knight. Lukacs: 'This is Anand's novelty, another intermediate move attacking
the opponent's piece!'} (13... e5 14. Ng2 $1 (14. fxe4 {Lukacs} exf4 15. exd5
Qa5+ 16. Kf2 Qxd5 17. Bg2 Qxd6 18. Re1+ Kf8 (18... Ne7 19. Qf3 $44) 19. Qf3 $44
) 14... Qxd6 15. fxe4 dxe4 16. Ne3 {Here the knight is very much in the game
and Black doesn't have enough ~/= for the piece.}) ({Other tries fail to
equalize:} 13... Qxd6 {Lukacs} 14. fxe4 dxe4 15. Bg2 f5 16. O-O) 14. Nh3 {
Obviously with the pawn on g5, Ng2 makes no sense.} (14. hxg6 {Lukacs} Bxg6 {
and the B is out of danger} 15. Nxg6 fxg6 16. Bd3 O-O) (14. fxe4 $2 {Lukacs}
gxf4 15. exd5 Qa5+ $1 (15... exd5 16. Bxf4) 16. Kf2 Qxd5 $19 {winning all the
pawns.}) 14... h6 15. fxe4 dxe4 16. Bg2 f5 {Lukacs: 'Black has an admirable
phalanx.'} 17. O-O O-O $1 (17... Rf8 {It looks safer not to castle "into" it,
but after...} 18. gxf5 exf5 19. Bxe4 fxe4 20. Rxf8+ Kxf8 21. Bxg5 hxg5 22. Qg4
{White's attack looks quite dangerous. By castling, Black is able to recapture
on f8 with his rook.}) 18. c3 $2 (18. gxf5 {White may need to take drastic
measures and force a draw already, since the game continuation looks quite
convincing for black.} exf5 19. Bxe4 (19. Bxg5 hxg5 20. Bxe4 Qxd6 $1) 19...
fxe4 20. Bxg5 $1 (20. Rxf8+ Qxf8 $1) 20... Rxf1+ (20... hxg5 21. Qg4 $40) 21.
Qxf1 hxg5 22. Qf5 Qd7 (22... Qf8 $11) 23. Qxe4 (23. Qg6+ Qg7 24. Qe8+ Qf8 $11)
23... Qxh3 24. Qg6+ Kh8 $11) 18... Qxd6 {'!' Lukacs.} (18... d3 $6 {Lukacs can
be punished in a nice tactical way:} 19. gxf5 exf5 20. Qb3+ Kh8 21. Bxe4 $1
fxe4 22. Bxg5 $1 hxg5 23. Qe6 $16) 19. gxf5 exf5 20. Qb3+ (20. Be3 Nd7 $1 21.
cxd4 Nb6 $17) 20... Kh8 21. Bxe4 {White finally sacrifices the piece, but here
it isn't sufficient. Lukacs: 'White cannot bear Black's mighty [+].'} (21. Qxb7
Nd7 22. Qb3 Nde5 $17) (21. cxd4 Nxd4 22. Qc3 Nbc6 $17) (21. Qa3 $5 {Lukacs})
21... fxe4 22. Rxf8+ Qxf8 23. Qe6 $1 {Despite his two pawn advantage - Black
still has to find a way to develop his queenside. White just threatens Bxg5
and Rf1} Nd7 $1 {Funnily enough - Black just has to toss the piece that he
recovered. Honestly speaking, this was a fairly intuitive sacrifice, but I
felt that Black was better and didn't see any other way to get more than a
draw. Lukacs: 'Development first!'} (23... e3 $2 24. cxd4 (24. Bxe3 $1 {
Lukacs Development first!} dxe3 25. Rf1 $18) 24... Nxd4 25. Qe5+ Qg7 26. Qe8+
Qg8 $11 (26... Kh7 27. Bxe3 $1 Nf3+ 28. Kh1 $16)) 24. Qxd7 {'[]' Lukacs.} (24.
Bxg5 hxg5 25. Qxd7 (25. Rf1 {Lukacs} Qg7 26. Rf7 Nc5 $1 27. Qf5 Ne7 $19) 25...
Rd8 $1 26. Qe6 Re8 27. Qg6 Ne5 $19) 24... Rd8 (24... Qf3 $5 {Lukacs}) 25. Qg4 (
25. Qxb7 $2 {In a practical game, it is difficult for a player to enter a line
like this where Black has a sure draw and a chance to try for more.} Qd6 {
I noticed this and when I realized that Black had at least a forced draw with
25...Qf3, I decided to play 23...Nd7.} (25... Qf3 26. Nxg5 hxg5 27. Qxc6 Qg4+
28. Kh2 Qxh5+ 29. Kg2 Qg4+ 30. Kh2 Qh4+ 31. Kg1 (31. Kg2 Rf8 $1 $19) 31... Rf8
(31... Qg3+ 32. Kh1 Qh3+ 33. Kg1 Rf8 34. Bd2 $1 e3 35. Qe4 Qg3+ 36. Kh1) 32.
Bd2 Qg4+ 33. Kh1 Qh3+ 34. Kg1 e3 35. Qe4 $1 Qg3+ 36. Kh1 Rf6 $1 (36... exd2 37.
Qxd4+ Kh7 38. Qd7+ (38. Qxd2 Rh8 $1 $19) 38... Kg6 39. Qe6+ Kg7 40. Qd7+ Rf7)
37. Qxd4 (37. Qe8+ Kg7 38. Qd7+ Kh6 39. Qxd4 Qf3+ 40. Kh2 exd2 $1) 37... Qf3+
38. Kh2 Qf2+ 39. Kh1 exd2 40. Qxf2 Rxf2 41. Kg1 $1 $11) 26. Kg2 e3 $1 27. cxd4
(27. Qxa6 g4 $1) 27... g4 $1 (27... Qd5+ 28. Kh2 Qf3 $5 29. Qc7 $1 (29. Bxe3
Rb8 30. Qxa6 Qxe3 (30... g4 $1)) 29... Rxd4 30. Qc8+ Rd8 31. Qe6 Qe2+ 32. Kg3
Qe1+ $11) 28. Ng5 $1 (28. Bxe3 gxh3+ {Seems to just lose on the spot. e.g} 29.
Kxh3 Qe6+ 30. Kh2 Qxe3 31. Qxc6 Qf4+ 32. Kh1 Rg8) 28... hxg5 29. Bxe3 Qd5+ (
29... Rb8 30. Qf7 Rxb2+ 31. Kf1 g3) 30. Kg1 Qf3 31. Re1 (31. Bxg5 Nxd4 $1 $19)
31... Qg3+ 32. Kf1 Qh3+ 33. Ke2 (33. Kg1 g3 $1 $19) 33... Qf3+ $1 34. Kd2 Nxd4
$19) 25... e3 {'!' Lukacs.} 26. b3 {'?!' Lukacs. Lukacs: 'This is a serious
mistake.'} (26. cxd4 Rxd4 ({and not} 26... Nxd4 27. Bxe3 Nc2 28. Bxg5) 27. Qe2
{'!' Lukacs.} (27. Qe6 $1 {Lukacs} Rd1+ 28. Kh2 Nd4 (28... Re1 29. Kg3) 29.
Qe5+ Kg8 30. Qd5+ Qf7 31. Qxf7+ Kxf7 32. Bxe3 $1 Rxa1 33. Bxd4 Rxa2 {and White
has reasonable chances of survival.}) 27... Qf5 (27... Rh4 28. Nxg5 $1 hxg5 (
28... Nd4 29. Qxe3 hxg5 30. Kg2 Qf5 31. Qe8+ Kh7 32. Qg6+ Qxg6 33. hxg6+ Kxg6
$17) 29. Bxe3 {Not completely clear.}) (27... Rh4 $5) 28. Qxe3 {A tough nut to
crack.} (28. Bxe3 Rg4+ 29. Kh2 (29. Kh1 Rh4) 29... Qe5+ 30. Kh1 Rg3 $1 {
'-+' Lukacs.} (30... Rh4 $19) 31. Qf1 Qe6 $3 {Fritz} (31... Rxe3 32. Qf8+ Kh7
33. Qf7+ Qg7 34. Qf5+ Kh8 $17) 32. Ng1 Rxe3 $19) 28... Rg4+ (28... Rd1+ 29. Kg2
(29. Kh2 Ne5 $1 $19) 29... Qd5+ 30. Qf3 $1 (30. Kf2 Ne5 31. Qc3 Rd3 32. Qc8+
Kg7 33. Qc7+ Kf6 $1 34. Qb6+ Kf5) 30... g4 31. Qxd5 gxh3+ 32. Kxh3 Rxd5 33. Bf4
) (28... Re4 29. Qc3+ (29. Qf2 Qg4+ 30. Qg2 Re1+ 31. Kh2 Re2 32. Nf2 Qh4+ $19)
29... Nd4 $1 30. Nf2 $8 Re1+ $1 31. Qxe1 (31. Kg2 Qd5+ 32. Kh3) 31... Nf3+ 32.
Kf1 Nxe1 33. Kxe1 g4 $1) 29. Kh2 Ne5 {I turned on Fritz to see whether it
could defend.} (29... Re4 30. Qf2 Qe5+ 31. Kh1) 30. Qb6 $1 (30. Ng1 Re4 $1 31.
Qc3 Rh4+ 32. Kg2 Rg4+ 33. Kh1 Qe4+ $19) 30... Nf3+ 31. Kh1 Qd5 $1 {The key -
Black sets up a mating battery.} 32. Qxh6+ Kg8 33. Qg6+ Kf8 34. Qf6+ Ke8 35.
Qh8+ Kd7 36. Qh7+ Kc8 37. Qc2+ Kb8 38. Qb3 Rc4 $1 39. Bf4+ gxf4 40. Nxf4 Qe4
$19) 26... Ne5 27. Qe4 Qf6 $1 28. Kg2 {I was a bit confused when I saw this
move, but then I saw what to do.} (28. cxd4 {Lukacs} Rxd4 $1) (28. Ba3 {Lukacs}
dxc3 $5 29. Rf1 (29. Qxe3 Rd3 30. Qc5 Rg3+ 31. Kh2 Rxh3+ $1) 29... Qe6 30. Rf5
(30. Bb4 c2 31. Bc3 Rd1 32. Bxe5+ Kg8) 30... Rd5 {/\ Nf3}) 28... e2 $1 29. Bxg5
$1 {The best chance.} (29. Qxe2 d3 $1 (29... Qc6+ {Lukacs} 30. Kg1 Nf3+) 30.
Qf2 Qc6+ {Lukacs: 'This is a really nasty check!'} 31. Kg3 (31. Kg1 d2 $19) (
31. Kf1 Ng4) 31... Qe6 $1 32. Ng1 Qg4+ 33. Kh2 Qxh5+ 34. Kg2 Ng4 $1) (29. Bd2
Rf8 $1 (29... d3 30. c4 Nf3 31. Qxf3 Qxa1 32. Nf2) 30. Qxd4 (30. cxd4 Qf1+ 31.
Kh2 Nf3+ 32. Kg3 Qxa1 $19) (30. Qxe2 Qc6+ $19) 30... Rd8 $1 31. Qe3 Rxd2 $1 $19
) (29. Bb2 {Lukacs} Rf8 30. Qxe2 Qc6+ {again this check on the long /^
finishes the game.} 31. Kg1 Nf3+ 32. Kh1 dxc3 33. Ba3 Re8 34. Qg2 Re4 $1 35.
Qg3 (35. Rd1 Nh4 36. Rd8+ Kg7 37. Rd7+ Qxd7 38. Qxe4 Qxh3+ $19) 35... Nd4 36.
Qg2 Nc2 $1 $19) 29... hxg5 30. cxd4 Qc6 {'-+' Lukacs. Lukacs: 'liquidating for
a winning _|_.'} 31. d5 (31. Qxc6 {Lukacs} Nxc6 32. Re1 (32. Nxg5 $2 Rg8) 32...
Nxd4) 31... Qxd5 (31... Rxd5 32. Re1 {Doesn't lead anywhere.}) 32. Qxd5 Rxd5
33. Re1 Rd2 34. Kf2 $1 Rxa2 35. Rxe2 $2 (35. Ke3 $1 Nf7 36. Rxe2 (36. Nf2 Kg7
37. Rxe2 Rxe2+ 38. Kxe2 Kh6 $17) 36... Rxe2+ 37. Kxe2 Kg7 38. Kf3 Kh6 39. Kg4
a5 40. Nf2 b5 41. Ne4 a4 42. bxa4 bxa4 43. Nc3 a3 $17) 35... Nd3+ 36. Ke3 Rxe2+
37. Kxe2 g4 $1 {A nice intermezzo} (37... Nf4+ $4 38. Nxf4 gxf4 39. Kf3 $11)
38. Ng5 Nc1+ 39. Ke3 Nxb3 40. h6 a5 41. Kf4 (41. Ke4 g3 $1) 41... Nd4 $1 {
Taking away the f5 square.} 42. Kxg4 a4 43. Kh5 (43. Ne4 a3 44. Nc3 b5 $19)
43... Nc6 {It's still not too late to be careless.} (43... Nc6 44. Kg6 Ne5+ 45.
Kf5 a3 $1 46. Kxe5 a2 $19) (43... a3 $4 44. Kg6 $1 $18) 0-1

[Event "Amber-rapid 08th"]
[Site "Monte Carlo"]
[Date "1999.03.21"]
[Round "5"]
[White "Van Wely, Loek"]
[Black "Anand, Viswanathan"]
[Result "0-1"]
[WhiteElo "2632"]
[BlackElo "2781"]
[Annotator "Van Wely/Cifuentes"]
[PlyCount "50"]
[EventDate "1999.03.16"]
[EventType "tourn (rapid)"]
[EventRounds "11"]
[EventCountry "MNC"]
[EventCategory "18"]
[SourceTitle "CBM 070"]
[Source "ChessBase"]
[SourceDate "1999.06.08"]
[SourceVersion "1"]
[SourceVersionDate "1999.06.08"]
[SourceQuality "1"]

1. d4 d5 2. c4 dxc4 3. e4 e5 4. Nf3 exd4 5. Bxc4 Nc6 6. O-O Be6 7. Bxe6 fxe6 8.
Qb3 Qd7 9. Qxb7 Rb8 10. Qa6 Nf6 11. Nbd2 Bb4 12. Qd3 Bxd2 13. Bxd2 Rxb2 14.
Rac1 Qd6 $6 $146 (14... O-O 15. Rc5 $44) 15. Qc4 Ne5 16. Nxe5 Qxe5 17. Qxc7 $4
(17. Qc6+ Kf7 (17... Kf8 18. Rfd1) (17... Nd7 18. Rb1 $1 $44) 18. f4 Qxe4 $8 (
18... Qd6 19. Qxc7+ Qxc7 20. Rxc7+ Kg6 21. f5+ exf5 22. exf5+ Kh5 23. Bc1 Rxa2
24. Rxg7) 19. Qxc7+ Kg6 20. Rf3 (20. Rfe1 Qd3 21. Rc5 h6) 20... h5 $1 (20...
Qe2 21. f5+ exf5 22. Rg3+ Ng4 23. Rc6+ $18) 21. Rg3+ (21. Re1 Rb1) 21... Ng4
22. Qa5 $44 (22. h3 Rxd2 23. hxg4 h4 24. f5+ Kh7 25. f6 Rg8 (25... Qg6) 26. Qa5
Rxg2+ $1 27. Rxg2 Qe3+ 28. Kh2 Qf4+ $1 29. Kh3 Qxc1 30. Kxh4 g5+ 31. Kh3 Rh8 $1
32. Qd2 Kg6+ 33. Kg3 Qa3+ 34. Kf2 e5 $17)) (17. Qa4+ $1 Qb5 $8 (17... Nd7 18.
f4 Qb5 19. Qxd4 $16 (19. Qxb5 Rxb5 20. Rxc7)) (17... Kf7 18. f4 Qd6 (18... Qxe4
19. Rxc7+ Kg6 20. Qa3 $1 $18) 19. Rc6 $1 Qd7 (19... Rxa2 20. Qc4) 20. Qc4 $16)
18. Qa3 $1 (18. Qxd4 e5 19. Qxa7 Rxd2 $1 20. Rxc7 O-O 21. Rxg7+ Kh8) 18... Rxd2
$2 19. Rxc7 Ng8 20. Qd6 $18) 17... Qxc7 18. Rxc7 O-O $17 19. Bc1 (19. Bf4 Ne8 (
19... Rxa2 20. Be5 d3 21. f3 Rd8 22. Rd1 a5 23. Rc3 d2 24. Rc7) 20. Bc1) 19...
Rxa2 20. f3 Rb8 21. Rf2 Ra1 22. Rfc2 d3 23. Rc8+ Kf7 $1 24. R2c7+ Kg6 25. Kf2
Rxc1 $1 (25... Rxc1 26. Rxc1 d2) 0-1

[Event "Amber-rapid 08th"]
[Site "Monte Carlo"]
[Date "1999.03.22"]
[Round "6"]
[White "Anand, Viswanathan"]
[Black "Gelfand, Boris"]
[Result "1-0"]
[WhiteElo "2781"]
[BlackElo "2691"]
[PlyCount "75"]
[EventDate "1999.03.16"]
[EventType "tourn (rapid)"]
[EventRounds "11"]
[EventCountry "MNC"]
[EventCategory "18"]
[SourceTitle "CBM 069 Extra"]
[Source "ChessBase"]
[SourceDate "1999.05.10"]
[SourceVersion "1"]
[SourceVersionDate "1999.05.10"]
[SourceQuality "1"]

1. e4 c5 2. Nf3 d6 3. d4 cxd4 4. Nxd4 Nf6 5. Nc3 a6 6. Be2 e5 7. Nb3 Be7 8. O-O
O-O 9. Kh1 b6 10. f3 Bb7 11. Be3 b5 12. Qd2 Nbd7 13. Rfd1 Qc7 14. a3 Rfd8 15.
Qe1 Rac8 16. Qf2 Rb8 17. Nc1 Bc6 18. N1a2 a5 19. b4 Nf8 20. bxa5 Qxa5 21. Nb4
Rdc8 22. Bd2 Qa8 23. Nxc6 Rxc6 24. Nxb5 Rxc2 25. Bd3 Rb2 26. Qa7 Qb7 27. Qxb7
Rxb7 28. a4 Ne6 29. Bf1 Nc5 30. Be3 Nfd7 31. Nxd6 Bxd6 32. Rxd6 Rb1 33. Rxb1
Rxb1 34. Bxc5 Rxf1+ 35. Bg1 Nf8 36. a5 Ne6 37. a6 Ra1 38. a7 1-0

[Event "Amber-rapid 08th"]
[Site "Monte Carlo"]
[Date "1999.03.27"]
[Round "10"]
[White "Anand, Viswanathan"]
[Black "Karpov, Anatoly"]
[Result "1/2-1/2"]
[WhiteElo "2781"]
[BlackElo "2710"]
[PlyCount "49"]
[EventDate "1999.03.16"]
[EventType "tourn (rapid)"]
[EventRounds "11"]
[EventCountry "MNC"]
[EventCategory "18"]
[SourceTitle "CBM 069 Extra"]
[Source "ChessBase"]
[SourceDate "1999.05.10"]
[SourceVersion "1"]
[SourceVersionDate "1999.05.10"]
[SourceQuality "1"]

1. d4 Nf6 2. c4 e6 3. Nc3 Bb4 4. Qc2 O-O 5. a3 Bxc3+ 6. Qxc3 b6 7. Bg5 Bb7 8.
f3 h6 9. Bh4 d5 10. e3 Nbd7 11. cxd5 Nxd5 12. Bxd8 Nxc3 13. Bh4 Nd5 14. Bf2 c5
15. Bb5 Rfd8 16. e4 Ne7 17. Ne2 cxd4 18. Nxd4 a6 19. Be2 Nc5 20. b4 Na4 21. O-O
e5 22. Nb3 Nc3 23. Rfe1 Nxe2+ 24. Rxe2 Rd6 25. Rd2 1/2-1/2

[Event "Leon Man+Comp m"]
[Site "Leon"]
[Date "1999.06.11"]
[Round "2"]
[White "Anand, Viswanathan"]
[Black "Karpov, Anatoly"]
[Result "1/2-1/2"]
[WhiteElo "2781"]
[BlackElo "2710"]
[PlyCount "35"]
[EventDate "1999.06.??"]
[EventType "match"]
[EventRounds "6"]
[EventCountry "ESP"]
[SourceTitle "CBM 072"]
[Source "ChessBase"]
[SourceDate "1999.10.01"]
[SourceVersion "1"]
[SourceVersionDate "1999.10.01"]
[SourceQuality "1"]

1. d4 Nf6 2. c4 e6 3. Nf3 b6 4. g3 Ba6 5. b3 Bb4+ 6. Bd2 Bxd2+ 7. Qxd2 c6 8.
Qc2 d5 9. Nbd2 Nbd7 10. e4 dxe4 11. Nxe4 O-O 12. Bg2 Qc7 13. O-O Nxe4 14. Qxe4
c5 15. dxc5 Nxc5 16. Qe5 Rac8 17. Rfd1 Bb7 18. Qxc7 1/2-1/2

[Event "Siemens Giants"]
[Site "Frankfurt"]
[Date "1999.06.29"]
[Round "3"]
[White "Anand, Viswanathan"]
[Black "Kasparov, Garry"]
[Result "0-1"]
[WhiteElo "2781"]
[BlackElo "2812"]
[Annotator "Ftacnik,L"]
[PlyCount "52"]
[EventDate "1999.06.29"]
[EventType "tourn (rapid)"]
[EventRounds "12"]
[EventCountry "GER"]
[EventCategory "21"]
[SourceTitle "CBM 072"]
[Source "ChessBase"]
[SourceDate "1999.10.01"]
[SourceVersion "1"]
[SourceVersionDate "1999.10.01"]
[SourceQuality "1"]

1. d4 Nf6 2. c4 g6 3. Nc3 d5 4. Nf3 Bg7 5. Qb3 dxc4 6. Qxc4 O-O 7. e4 Na6 8.
Be2 c5 9. d5 e6 10. O-O exd5 11. exd5 Bf5 12. Rd1 Qb6 13. d6 Rad8 14. Na4 Qc6
$5 {[%mdl 4] Kasparov is well known for his deep theoretical knowledge. This
natural move controls many important squares and also attacks d6 pawn.} 15. Be3
(15. Ne5 Qe4) (15. Qb5 Bc2 $1 16. Qxc6 bxc6 17. Re1 (17. Rd2 Bxa4 18. Bxa6 Nd5
$15) 17... Bxa4 18. Bxa6 Nd5 $15) 15... Ne4 16. Qb5 Bd7 $1 (16... Rxd6 17. Rxd6
Qxb5 18. Bxb5 Nxd6 19. Bxa6 bxa6 20. Bxc5 Rd8 21. Rd1 Bc2 22. Rxd6 Rxd6 23.
Bxd6 Bxa4 24. b3 Bc6 25. Bc5 $14) 17. Qxc6 Bxc6 {Black pieces are clearly
better coordinated than their white counterpart, white will go under in a
surprisingly swift manner.} 18. Bxa6 (18. Nc3 Bxc3 19. bxc3 Nxc3 20. Bxa6 Nxd1
21. Rxd1 bxa6 22. Bxc5 Bxf3 23. gxf3 Rd7 $19) (18. Bd3 Bxa4 19. Bxe4 Bxb2 20.
Bxb7 Bxa1 21. Rxa1 Rxd6 $19) 18... Bxa4 19. Bxb7 (19. Bd3 Rxd6 $1 20. Bxe4
Rxd1+ 21. Rxd1 Bxd1 $19) 19... Bxd1 20. Bxe4 (20. Rxd1 Nxd6 21. Bd5 Ne4 $19)
20... Bxf3 21. Bxf3 Bxb2 (21... Bd4 22. Bf4 Bxb2 23. Rd1 $17) 22. Rd1 Bd4 23.
Bxd4 (23. Bf4 Kg7 24. Kf1 Kf6 $19) 23... cxd4 24. Rxd4 Rd7 25. h4 Rfd8 26. Ra4
Rb8 $1 0-1